PARIKH'S TEXTBOOK OF MEDICAL IURISPRUDENCE FORENSIC. MEDICINE AND TOXICOLOGY. (Record no. 1215351)

MARC details
000 -LEADER
fixed length control field 00520nam a22001817a 4500
003 - CONTROL NUMBER IDENTIFIER
control field OSt
005 - DATE AND TIME OF LATEST TRANSACTION
control field 20260203150359.0
008 - FIXED-LENGTH DATA ELEMENTS--GENERAL INFORMATION
fixed length control field 260203b |||||||| |||| 00| 0 eng d
020 ## - INTERNATIONAL STANDARD BOOK NUMBER
International Standard Book Number 9789354662744
040 ## - CATALOGING SOURCE
Transcribing agency CBS PUB
082 ## - DEWEY DECIMAL CLASSIFICATION NUMBER
Edition number 9
Classification number 614..1/SUB
100 ## - MAIN ENTRY--PERSONAL NAME
Personal name SUBRAHMANYAM
245 ## - TITLE STATEMENT
Title PARIKH'S TEXTBOOK OF MEDICAL IURISPRUDENCE FORENSIC. MEDICINE AND TOXICOLOGY.
260 ## - PUBLICATION, DISTRIBUTION, ETC.
Place of publication, distribution, etc. B.M.S.G.B.PUNE
Name of publisher, distributor, etc. CBS PUB
Date of publication, distribution, etc. 2025
300 ## - PHYSICAL DESCRIPTION
Extent XXVI;PB;786;
500 ## - GENERAL NOTE
General note BILL NO - 6409<br/>DATE - 13/01/2026
942 ## - ADDED ENTRY ELEMENTS (KOHA)
Source of classification or shelving scheme Dewey Decimal Classification
Koha item type Textbook
Edition 9
Suppress in OPAC No
Holdings
Withdrawn status Lost status Source of classification or shelving scheme Damaged status Not for loan Collection Home library Current library Date acquired Source of acquisition Cost, normal purchase price Total Checkouts Full call number Barcode Date last seen Price effective from Koha item type
    Dewey Decimal Classification     Text Medical College & Hospital, Sangli Medical College & Hospital, Sangli 03/02/2026 B.M.S.G.B, PUNE 1195.00   614.1/SUB MCS-17580 03/02/2026 03/02/2026 Textbook
    Dewey Decimal Classification     Text Medical College & Hospital, Sangli Medical College & Hospital, Sangli 03/02/2026 B.M.S.G.B, PUNE 1195.00   614.1/SUB MCS-17581 03/02/2026 03/02/2026 Textbook
    Dewey Decimal Classification     Text Medical College & Hospital, Sangli Medical College & Hospital, Sangli 03/02/2026 B.M.S.G.B, PUNE 1195.00   614.1/SUB MCS-17582 03/02/2026 03/02/2026 Textbook
    Dewey Decimal Classification     Text Medical College & Hospital, Sangli Medical College & Hospital, Sangli 03/02/2026 B.M.S.G.B, PUNE 1195.00   614.1/SUB MCS-17583 03/02/2026 03/02/2026 Textbook